000 01035ngm a22002652a 4500
005 20231221125637.0
008 140605s2013 xxu091 j vleng d
020 _c$12.99
024 1 _a858199013826
040 _aMM LLC
_e
092 _aEDVD
245 0 0 _aPrincess juliet
250 _aWidescreen ed.
260 _a[United States] :
_bPhase 4 Films,
_c2014.
264 _a[United States] :
_bPhase 4 Films,
_c2014
300 _a1 videodisc (ca. 91 min.) :
_bsd., col. ;
_c4 3/4 in.
508 1 _aDirector, Brian Cass.
520 _aThe classic Shakespeare story told in the form of an animated family film. Romeo and Juliet meet and marry one another in a whirlwind of romance, despite the sworn contempt their families hold for one another. Their love sets in motion a chain of fateful events that changes the lives of both families forever.
538 _aDVD.
546 _aEnglish audio.
546 _aClosed-captioned.
700 1 _aMask, Wesley Ace.
_95891220
942 _cDVD
_2ddc
948 _a09/10/2014
_zSirsi
999 _c284539
_d284539